Songtext "You're Beautiful" von James Blunt - Statistiken

Allgemein
  • Dieses Quiz wurde 39 mal gespielt
  • Das Durchschnittsergebnis liegt bei 141 aus 196
Antwortstatistiken
Antwort % Korrekt
a
100%
be
100%
I
100%
you
100%
your
100%
an
96%
beautiful
96%
And
93%
to
93%
You're
93%
it's
89%
love
85%
with
85%
do
81%
in
81%
is
81%
me
81%
on
81%
true
81%
will
81%
angel
78%
don't
78%
face
78%
know
78%
life
78%
My
78%
my
78%
She
78%
she
78%
that
78%
the
78%
I'm
74%
never
74%
saw
74%
what
74%
at
70%
her
70%
man
70%
smile
70%
was
70%
Cause
67%
Of
67%
sure
67%
we
67%
another
63%
I'll
63%
place
63%
brilliant
59%
pure
59%
see
59%
But
56%
by
56%
When
56%
crowded
52%
La
52%
la
52%
smiled
52%
subway
52%
think
52%
got
48%
no
48%
plan
48%
There
48%
time
48%
again
44%
end
44%
I've
44%
last
44%
moment
44%
truth
44%
won't
44%
As
41%
must
41%
could
37%
eye
37%
Fucking
37%
high
37%
lose
37%
shared
37%
'til
37%
Yes
37%
from
33%
walked
33%
sleep
30%
should
26%
thought
26%
caught
22%
la-la
19%
up
19%
Ahe
0%
Keine übereinstimmenden Quizze gefunden
Verteilung der Resultate
Anzahl Personen mit jedem Resultat
Perzentil nach korrekt beantworteten Fragen
Ihre Resultats-Entwicklung
Sie haben dieses Quiz noch nicht gespielt